000 00566nam a22001815i 4500
001 54377
003 ES-MaACL
005 20230906162938.0
007 t|
008 960718s1899 fr ||||1| fre d
040 _aCAM
_bspa
_cCAM
100 1 _aFontin, Paul.
_951647
245 1 0 _aRéformes navales /
_cpar Paul Fontin et le Commandant Vignot.
260 _aParis ;
_aNancy :
_bBerger-Levrault et Cie,
_c1899 (
_eNancy :
_fImprimerie Berger-Levrault)
300 _aXVII, 299 p. ;
_c19 cm.
700 1 _aVignot
_c, Commandant.
_9114657
852 _aES-MaACL
_jD-4671
999 _c54377
_d54377